00317 a2200109 4500020001500000082001800015100001900033245004500052260004800097300003300145650002900178 a8173196117 a620.11232 AME aMohammed Ameen aComputational ELasticitycMohammed Ameen aNew Delhi :bNarosa Publishing House,c2005 axix, 509p. :bill . ;c24 cm aComputational Elasticity